| 000 | 01134cam a22002651i 4500 | ||
|---|---|---|---|
| 003 | SA-RiAUC | ||
| 005 | 20250215051948.0 | ||
| 008 | 250213s2009 ua g e f000 0 ara c | ||
| 040 |
_aLB-JoUSK _bara _cSA-RiAUC. _erda |
||
| 082 | 0 | 4 |
_a260.3 _qSA-RiAUC |
| 090 |
_a260.3 _bم و س |
||
| 245 | 0 | 0 |
_aموسوعة التصوف الإسلامي / _cإشراف وتقديم محمود حمدي زقزوق. |
| 264 | 1 |
_aالقاهرة : _bوزارة الأوقاف، المجلس الأعلى للشؤون الإسلامية، _c2009 |
|
| 300 |
_a807 صفحة ؛ _c28 سم. |
||
| 336 |
_aنص _btxt _2rdacontent _3كتاب |
||
| 337 |
_aبدون وسيط _bn _2rdamedia |
||
| 338 |
_aمجلد _bnc _2rdacarrier |
||
| 490 | 0 |
_aسلسلة الموسوعات الإسلامية المتخصصة ؛ _v8 |
|
| 490 | 0 | _aIslam : encyclopédies et dictionnaires-varia | |
| 500 | _aيشتمل على هوامش في آخر كل فصل. | ||
| 650 | 7 |
_aالتصوف الإسلامي _vدوائر معارف _2aucsh |
|
| 700 | 1 |
_aزقزوق، محمود حمدي، _d1933- _eمشرف. |
|
| 942 |
_2ddc _cBOOK _n0 |
||
| 949 |
_aSA-JeALM _d250213 _uosman123 _n1 |
||
| 999 |
_c5932 _d5932 |
||